000
00248nam a2200109Ia 4500
008
190216s9999||||xx |||||||||||||| ||und||
100
_a
Rajani Paniker
245
0
_a
Hindi-Senali De
260
_b
Cambridge Uty Press
650
_a
Hindi
942
_c
BK
999
_c
15306
_d
15306